| 000 | 00487nam a2200145 a 4500 | ||
|---|---|---|---|
| 008 | 120416s1967 ||||||||||||||||| || u | ||
| 050 | _aHD 8771 Ord | ||
| 100 | _aOrde, Browne | ||
| 245 | 1 | 4 | _aThe African labourer |
| 260 |
_aLondon _bF. Cass _c1967 |
||
| 350 | _a0.00 | ||
| 650 | _aLABOUR MIGRATION--AFRICA | ||
| 650 | _aLABOUR | ||
| 995 |
_D0.00 _FCBU-MAIN LIBRARY (Kitwe) _H1 _I0.00 _M1 _UAVAILABLE _ZMain Library Open Access Collection |
||
| 999 |
_c33767 _d33767 |
||